| 000 | 00763cab a2200253 4500 | ||
|---|---|---|---|
| 001 | WB3424-30 | ||
| 008 | 090401t1998 xxu||||| |||| 00| 0 eng d | ||
| 035 | _a(Sirsi) u86948 | ||
| 041 | _aeng | ||
| 245 | _aGet informed | ||
| 260 | _c1998 | ||
| 350 | _a0 | ||
| 490 |
_aSunday Business _v21 June 1998, 9(1) |
||
| 520 | _aLambert Smith Hampton chairman Charles Partridge has criticised the Valuation Office forms sent out to occupiers as part of the five-yearly business rates revaluation exercise. | ||
| 650 | _aBUSINESS RATES | ||
| 650 | _aFORMS | ||
| 650 | _aOCCUPIERS | ||
| 650 | _aRATING REVALUATION | ||
| 650 | _aRATING REVALUATION 2000 | ||
| 650 | _aVALUATION OFFICE | ||
| 690 | _aRATING AND VALUATION | ||
| 942 | _n0 | ||
| 948 | _c23/06/1998 | ||
| 999 |
_c54755 _d54755 |
||